Viability, economic transition and reflection on neoclassical economics (Record no. 66137)

000 -LEADER
fixed length control field 00346pab a2200133 454500
008 - FIXED-LENGTH DATA ELEMENTS--GENERAL INFORMATION
fixed length control field 180718b2005 xxu||||| |||| 00| 0 eng d
100 ## - MAIN ENTRY--PERSONAL NAME
Personal name Lin, Justin Yifu
245 ## - TITLE STATEMENT
Title Viability, economic transition and reflection on neoclassical economics
260 ## - PUBLICATION, DISTRIBUTION, ETC.
Date of publication, distribution, etc. 2005
300 ## - PHYSICAL DESCRIPTION
Extent p.239-64.
650 ## - SUBJECT ADDED ENTRY--TOPICAL TERM
Topical term or geographic name entry element Economics
773 ## - HOST ITEM ENTRY
Main entry heading Kyklos
909 ## -
-- 66137
Holdings
Withdrawn status Lost status Damaged status Not for loan Permanent Location Current Location Date acquired Serial Enumeration / chronology Barcode Date last seen Price effective from Koha item type
        Indian Institute of Public Administration Indian Institute of Public Administration 2018-07-19 Volume no: 58, Issue no: 1 AR66589 2018-07-19 2018-07-19 Articles

Powered by Koha